000 00439nam a2200157 i 4500
001 60508
003 ES-MaACL
005 20230906164239.0
007 t|
008 031105s1971 sp ||||1| spa d
100 1 _aEspinar, Virgilio.
_947846
245 1 0 _a-- Más ancha es la Mancha
_b: (poemas) /
_cVirgilio Espinar.
260 _a[Madrid :
_bs.n.,
_c1971]
300 _a70 p., 1 lám. ;
_c21 cm.
852 _aES-MaACL
_jC-50612
_bR.79462
999 _c60508
_d60508